[Event "Angers op 5th"]
[Site "Angers"]
[Date "2010.04.25"]
[Round "5"]
[White "Leroy, Bertrand"]
[Black "Fermen, Guy"]
[Result "0-1"]
[WhiteElo "1510"]
[BlackElo "1598"]
[PlyCount "65"]
[EventDate "2010.04.23"]
[EventType "swiss"]
[EventRounds "6"]
[EventCountry "FRA"]
[SourceTitle "EXT 2011"]
[Source "ChessBase"]
[SourceDate "2010.11.26"]
[SourceVersion "1"]
[SourceVersionDate "2010.11.26"]
[SourceQuality "1"]

1. e4 c6 2. d4 d5 3. e5 Bf5 4. g4 Be4 5. f3 Bg6 6. h4 h6 7. h5 Bh7 8. Bd3 Bxd3 9. Qxd3 e6 10. c3 Nd7 11. f4 Qc7 12. Be3 c5 13. Nf3 cxd4 14. cxd4 Bb4+ 15. Kd1 Ne7 16. Rh2 Nc6 17. Rc2 Nb6 18. b3 Be7 19. a3 Qd8 20. Bd2 Rc8 21. Be1 a6 22. Raa2 Nd7 23. Qe3 Nf8 24. Rc1 Nd7 25. b4 Nb6 26. Rac2 Nc4 27. Qb3 b5 28. Nbd2 0-0 29. Nxc4 dxc4 30. Qc3 Qd5 31. Bf2 f6 32. exf6 Bxf6 33. g5 0-1

[Event "Angers op 5th"]
[Site "Angers"]
[Date "2010.04.24"]
[Round "4"]
[White "Martin, Frederic"]
[Black "Leroy, Bertrand"]
[Result "1-0"]
[WhiteElo "1430"]
[BlackElo "1510"]
[PlyCount "81"]
[EventDate "2010.04.23"]
[EventType "swiss"]
[EventRounds "6"]
[EventCountry "FRA"]
[SourceTitle "EXT 2011"]
[Source "ChessBase"]
[SourceDate "2010.11.26"]
[SourceVersion "1"]
[SourceVersionDate "2010.11.26"]
[SourceQuality "1"]

1. d4 Nf6 2. Nc3 e6 3. e4 Bb4 4. Bd3 c5 5. a3 cxd4 6. axb4 dxc3 7. bxc3 e5 8. Nf3 d6 9. Bg5 Qe7 10. 0-0 0-0 11. h3 Nbd7 12. Re1 Nb6 13. Qe2 Be6 14. Nh4 h6 15. Be3 Nfd7 16. Nf5 Bxf5 17. exf5 f6 18. Qg4 Kh8 19. f4 Qf7 20. Qg3 Rg8 21. fxe5 Nxe5 22. Bf1 Qc7 23. Bd3 Qf7 24. Kh1 Qc7 25. Qf2 Nbc4 26. Rxa7 Rxa7 27. Bxa7 b6 28. Ra1 b5 29. Bd4 Qc6 30. Ra7 Ra8 31. Rxa8+ Qxa8 32. Be2 Nc6 33. Bf3 Qa1+ 34. Kh2 N4e5 35. Bd5 Nxd4 36. Qxd4 Qa6 37. Bb3 Qc6 38. Qa7 d5 39. Qb8+ Kh7 40. Qd8 g6 41. Qe7+ 1-0